Solutions to Your Sunsign/ (Record no. 190806)

MARC details
000 -LEADER
fixed length control field 00608nam a22001937a 4500
005 - DATE AND TIME OF LATEST TRANSACTION
control field 20220805113959.0
010 ## - LCCN (DPL NO)
LC control number ENG-134284
020 ## - INTERNATIONAL STANDARD BOOK NUMBER
International Standard Book Number 8190082302
Terms of availability 200.00
035 ## - SYSTEM CONTROL NUMBER
System control number EN-117816
037 ## - SOURCE OF ACQUISITION
Source of stock number/acquisition DBAD/PUB
082 ## - DEWEY DECIMAL CLASSIFICATION NUMBER
Classification number 133.5
100 ## - MAIN ENTRY--PERSONAL NAME
Personal name Sadhvi Nidhi Shree
245 ## - TITLE STATEMENT
Title Solutions to Your Sunsign/
Statement of responsibility, etc by Sadhvi Nidhi Shree and Sadhi Kripa Shree
260 ## - PUBLICATION, DISTRIBUTION, ETC. (IMPRINT)
Place of publication, distribution, etc New Delhi
Name of publisher, distributor, etc Maitri Charitable Foundation
Date of publication, distribution, etc 202?
270 ## - ADDRESS
Address B-117 Okhla Industrial Area,Phase I,
City New Delhi
Postal code 110020
300 ## - PHYSICAL DESCRIPTION
Extent vp.:
Dimensions 18cm(pbk)
Other physical details ill.
700 ## - ADDED ENTRY--PERSONAL NAME
Personal name Sadhi Kripa Shree
942 ## - ADDED ENTRY ELEMENTS (KOHA)
Source of classification or shelving scheme Dewey Decimal Classification
Item type English Books
Classification part 133.5
Call number suffix SAD
Holdings
Withdrawn status Lost status Not for loan Collection code Home library Current library Date acquired Source of acquisition Cost, normal purchase price Full call number Barcode Copy number Cost, replacement price Koha item type
      Non-fiction Bawana Bawana 05/08/2022 DBAD/PUB 200.00 133.5 SAD EN-117816 1 200.00 English Books

© Delhi Public Library
Hit Counter
free hit counter